[Event "Int. Stuttgarter Stadtmeisterschaft B"]
[Site "Ditzingen"]
[Date "2016.05.05"]
[Round "1.1"]
[White "Rudhart, Michael"]
[Black "Schmitz, Harald"]
[Result "1/2-1/2"]
[WhiteElo "1890"]
[BlackElo "1691"]
[PlyCount "108"]
[EventDate "2016.??.??"]
[WhiteTeam "DJK Stuttgart-Süd"]
[BlackTeam "SC Aidlingen"]

1. d4 Nf6 2. c4 g6 3. Nc3 d5 4. cxd5 Nxd5 5. e3 Bg7 6. Qb3 Nxc3 7. bxc3 O-O 8.
Nf3 Nc6 9. Bb2 Na5 10. Qa3 b6 11. c4 Bb7 12. Nd2 Rc8 13. f3 c5 14. d5 Bxb2 15.
Qxb2 Ba8 16. h4 Nb7 17. h5 Nd6 18. hxg6 fxg6 19. e4 Qc7 20. Bd3 Nf7 21. O-O-O
Qe5 22. Qxe5 Nxe5 23. Be2 Kg7 24. Rh4 Rh8 25. f4 Nf7 26. Bg4 Rcf8 27. Nf3 Bb7
28. Nd2 Bc8 29. Bxc8 Rxc8 30. g3 Nd6 31. a4 a6 32. g4 b5 33. cxb5 axb5 34. e5
Nc4 35. axb5 Ne3 36. Rdh1 Nxd5 37. f5 Rb8 38. fxg6 Kxg6 39. Ne4 Rxb5 40. Rh6+
Kg7 41. Ng5 Rb6 42. Ne6+ Kg8 43. Rf1 Rb8 44. g5 Ne3 45. Rg1 Nf5 46. Rh2 Kf7 47.
Nxc5 Rbc8 48. Rc2 Rhd8 49. Ne4 Rxc2+ 50. Kxc2 Ke6 51. Re1 Nd4+ 52. Kc3 Nf3 53.
Rf1 Rc8+ 54. Kb4 Rb8+ 1/2-1/2

[Event "Int. Stuttgarter Stadtmeisterschaft B"]
[Site "Ditzingen"]
[Date "2016.05.05"]
[Round "1.2"]
[White "Gorb, Eugeniusz"]
[Black "Kleih, Julian"]
[Result "0-1"]
[WhiteElo "1691"]
[BlackElo "1887"]
[PlyCount "24"]
[EventDate "2016.??.??"]
[WhiteTeam "SK Sachsenheim"]
[BlackTeam "SV Dettingen Erms"]

1. e4 c5 2. Nf3 Nc6 3. d4 cxd4 4. Nxd4 g6 5. Nxc6 bxc6 6. Bc4 Bg7 7. O-O d6 8.
Qf3 Nf6 9. Rd1 Bg4 10. Qg3 Bxd1 11. Bxf7+ Kf8 12. h3 Rb8 0-1

[Event "Int. Stuttgarter Stadtmeisterschaft B"]
[Site "Ditzingen"]
[Date "2016.05.05"]
[Round "1.3"]
[White "Ackermann, Hermann"]
[Black "Duran, Suat"]
[Result "1-0"]
[WhiteElo "1885"]
[BlackElo "1687"]
[PlyCount "115"]
[EventDate "2016.??.??"]
[WhiteTeam "SC Pforzheim"]
[BlackTeam "SV Dicker Turm Esslingen"]

1. Nf3 d5 2. e3 Nf6 3. b3 g6 4. Bb2 Bg7 5. c4 c6 6. Be2 O-O 7. d3 Nbd7 8. Nbd2
Re8 9. Ne5 Nxe5 10. Bxe5 Nh5 11. Bxg7 Nxg7 12. d4 e5 13. dxe5 Rxe5 14. Nf3 Re7
15. O-O Be6 16. Nd4 Nf5 17. Nxe6 Rxe6 18. cxd5 cxd5 19. Bf3 Ne7 20. Rc1 Qa5 21.
Rc2 Rd8 22. Rd2 Red6 23. Qe2 Nc6 24. g3 Ne5 25. Bg2 h5 26. Rfd1 Nc6 27. h3 d4
28. Bxc6 Rxc6 29. exd4 Qf5 30. h4 Re6 31. Qd3 Rd5 32. Qxf5 gxf5 33. Rd3 f4 34.
Rf3 fxg3 35. fxg3 Re2 36. Rf2 Re3 37. Kg2 Re7 38. Rd3 Re4 39. Rfd2 Re6 40. Kf3
Rf5+ 41. Kg2 Rd5 42. Rf3 Re4 43. Rfd3 Re6 44. Rf2 Re4 45. Kf3 Rg4 46. Ke2 Re4+
47. Kd2 Kg7 48. Kc2 b5 49. b4 Kg6 50. Kc3 Re7 51. Rdf3 Rc7+ 52. Kd3 Re7 53. Rc2
Red7 54. Rf4 Re5 55. Rc6+ Re6 56. Rc5 a6 57. Rg5+ Kh7 58. Rxh5+ 1-0

[Event "Int. Stuttgarter Stadtmeisterschaft B"]
[Site "Ditzingen"]
[Date "2016.05.05"]
[Round "1.4"]
[White "Weisensel, Wolfgang"]
[Black "Wezel, Sebastian"]
[Result "0-1"]
[WhiteElo "1685"]
[BlackElo "1870"]
[PlyCount "120"]
[EventDate "2016.??.??"]
[WhiteTeam "Stuttgarter SF"]
[BlackTeam "SV Dettingen Erms"]

1. b3 g6 2. Bb2 Nf6 3. c4 c5 4. Nf3 Bg7 5. g3 O-O 6. Bg2 d6 7. O-O Bd7 8. d3 a6
9. Nbd2 Ra7 10. a4 b6 11. Re1 Re8 12. Nf1 Nc6 13. Ne3 e5 14. Nd2 Nb4 15. Nc2
Nxc2 16. Qxc2 Bc8 17. Nf3 Rae7 18. e4 Nd7 19. Bc1 Nb8 20. Bd2 Nc6 21. Rf1 Bg4
22. Bc3 Bh6 23. h3 Bd7 24. Rad1 f6 25. Bd2 Bxd2 26. Qxd2 Qc8 27. Kh2 Rg7 28. h4
Bg4 29. Rc1 Rf8 30. Rb1 f5 31. Ng1 f4 32. Bh3 Nd4 33. Bxg4 Qxg4 34. Qd1 f3 35.
Nh3 g5 36. Nxg5 Rxg5 37. Rh1 Kh8 38. Qf1 Rg6 39. Qh3 Qxh3+ 40. Kxh3 Rf7 41. Kh2
Rh6 42. Kg1 Ne2+ 43. Kf1 Rg6 44. Ke1 Nxg3 45. fxg3 Rxg3 46. Kf1 Rg2 47. Rg1
Rfg7 48. Rxg2 Rxg2 49. Re1 Rh2 50. Re3 Rxh4 51. Rxf3 Rf4 52. Rxf4 exf4 53. Kf2
Kg7 54. Kf3 Kf6 55. Kxf4 h6 56. Kf3 Ke5 57. Ke3 h5 58. Kf3 Kd4 59. Kf4 Kxd3 60.
Kf3 Kc3 0-1

[Event "Int. Stuttgarter Stadtmeisterschaft B"]
[Site "Ditzingen"]
[Date "2016.05.05"]
[Round "1.5"]
[White "Winkler, Tim"]
[Black "Kußmann, Alexander"]
[Result "1-0"]
[WhiteElo "1868"]
[BlackElo "1681"]
[PlyCount "41"]
[EventDate "2016.??.??"]
[WhiteTeam "SF Deizisau"]
[BlackTeam "SC Aidlingen"]

1. e4 c5 2. Nf3 e6 3. d4 cxd4 4. Nxd4 Bc5 5. Be3 Qb6 6. b3 Nc6 7. c3 Nf6 8. f3
e5 9. Nxc6 Bxe3 10. Nxe5 Bf2+ 11. Kd2 Be3+ 12. Kc2 Bf4 13. Nc4 Qc6 14. g3 Bc7
15. Nba3 b5 16. Nxb5 d5 17. exd5 Nxd5 18. Qxd5 Qxd5 19. Nxc7+ Kd7 20. Nxd5 Bb7
21. Bh3+ 1-0

[Event "Int. Stuttgarter Stadtmeisterschaft B"]
[Site "Ditzingen"]
[Date "2016.05.05"]
[Round "1.6"]
[White "Jünk, Stefan"]
[Black "Paschmann, Stefan"]
[Result "0-1"]
[WhiteElo "1673"]
[BlackElo "1869"]
[PlyCount "78"]
[EventDate "2016.??.??"]
[WhiteTeam "SC Leinzell"]
[BlackTeam "Krefelder SK Turm"]

1. e4 c6 2. d4 d5 3. Nc3 dxe4 4. Nxe4 Bf5 5. Ng3 Bg6 6. Nf3 e6 7. a3 Nd7 8. Bd3
Bd6 9. Bxg6 hxg6 10. Ne4 Be7 11. Bf4 Nb6 12. O-O Nf6 13. Qd3 Nxe4 14. Qxe4 Qd5
15. Rfe1 Qxe4 16. Rxe4 O-O 17. Ne5 Rfd8 18. Nd3 Nd5 19. Rae1 Nf6 20. R4e2 Rxd4
21. g3 Rdd8 22. Ne5 Nd5 23. Bd2 Bf6 24. c4 Nc7 25. Bc3 Bxe5 26. Rxe5 Rd3 27. g4
Rad8 28. Kg2 f6 29. R5e3 g5 30. Kf3 e5 31. Ke4 R3d7 32. Rh1 Ne6 33. h4 gxh4 34.
Rxh4 Ng5+ 35. Kf5 Kf7 36. Bxe5 g6+ 37. Kf4 Ne6+ 38. Ke4 Nc5+ 39. Kf4 g5+ 0-1

[Event "Int. Stuttgarter Stadtmeisterschaft B"]
[Site "Ditzingen"]
[Date "2016.05.05"]
[Round "1.7"]
[White "Dreyer, Andre"]
[Black "Hornung, Richard"]
[Result "1-0"]
[WhiteElo "1855"]
[BlackElo "1662"]
[PlyCount "89"]
[EventDate "2016.??.??"]
[WhiteTeam "SV Stockenhausen-Frommern"]
[BlackTeam "SG Schwabing München"]

1. d4 Nf6 2. c4 e6 3. Nc3 d5 4. Bg5 Be7 5. e3 O-O 6. Nf3 c6 7. Qc2 h6 8. Bh4
Ne8 9. Bg3 Nd6 10. Ne5 Nd7 11. cxd5 exd5 12. Bd3 Nxe5 13. dxe5 Nc4 14. O-O f5
15. exf6 Bxf6 16. Bxc4 dxc4 17. Qe4 Qd3 18. Qxd3 cxd3 19. Rfd1 Bf5 20. f3 Rad8
21. Rd2 Rfe8 22. e4 Be6 23. Rad1 Bxc3 24. bxc3 Bc4 25. Bf2 b6 26. Rb1 c5 27.
Be3 Rd7 28. Kf2 Kf7 29. Ke1 Rb7 30. Bxc5 Re5 31. Bd4 Rb5 32. Rxb5 Bxb5 33. Rb2
Bc4 34. Kd2 b5 35. Ke3 a6 36. f4 g6 37. g4 Re7 38. e5 h5 39. gxh5 gxh5 40. f5
Re8 41. Kf4 Rg8 42. e6+ Ke7 43. Ke5 Rg4 44. f6+ Ke8 45. f7+ 1-0

[Event "Int. Stuttgarter Stadtmeisterschaft B"]
[Site "Ditzingen"]
[Date "2016.05.05"]
[Round "1.8"]
[White "Mayer, Dietmar"]
[Black "Jäger, Hans-Ulrich"]
[Result "1/2-1/2"]
[WhiteElo "1662"]
[BlackElo "1855"]
[PlyCount "66"]
[EventDate "2016.??.??"]
[WhiteTeam "SC Böblingen"]
[BlackTeam "SC Sillenbuch"]

1. Nf3 Nf6 2. c4 c5 3. b3 g6 4. Bb2 Bg7 5. g3 b6 6. Bg2 Bb7 7. O-O O-O 8. Nc3
d6 9. d4 cxd4 10. Qxd4 Nbd7 11. Rfd1 Rc8 12. Nd5 Re8 13. e4 Ne5 14. Nxe5 dxe5
15. Qe3 e6 16. Nxf6+ Qxf6 17. Rd7 Bc6 18. Rxa7 Qd8 19. Qf3 Rc7 20. Rd1 Qb8 21.
Rxc7 Qxc7 22. Qd3 Bf8 23. Qc3 f6 24. Qd2 Qb7 25. f4 Bc5+ 26. Kf1 exf4 27. Qxf4
e5 28. Qxf6 Bd4 29. Rxd4 exd4 30. Qxd4 Rf8+ 31. Ke2 Kf7 32. Qf6+ Kg8 33. Qh8+
Kf7 1/2-1/2

[Event "Int. Stuttgarter Stadtmeisterschaft B"]
[Site "Ditzingen"]
[Date "2016.05.05"]
[Round "1.9"]
[White "Kozina, Vinko"]
[Black "Domingos, Antonio"]
[Result "1/2-1/2"]
[WhiteElo "1855"]
[BlackElo "1659"]
[PlyCount "105"]
[EventDate "2016.??.??"]
[WhiteTeam "TSV/RSK Esslingen"]

1. e4 e6 2. d4 d5 3. Nd2 Nf6 4. e5 Nfd7 5. Ngf3 c5 6. c3 Nc6 7. Be2 cxd4 8.
cxd4 Be7 9. O-O O-O 10. Nb3 f6 11. exf6 Nxf6 12. Ne5 Qc7 13. f4 Bd7 14. Be3
Rac8 15. Rc1 Qb6 16. Bd3 Nb4 17. Nxd7 Nxd7 18. Bb1 Bf6 19. Rxc8 Rxc8 20. a3 Nc6
21. Qd3 g6 22. g4 a5 23. f5 exf5 24. gxf5 g5 25. h4 Qc7 26. Kg2 gxh4 27. Bf4
Qb6 28. Be3 a4 29. Nc5 Nxc5 30. dxc5 Qxb2+ 31. Rf2 Qe5 32. Bf4 Qe7 33. Qxd5+
Kh8 34. Kh3 Rd8 35. Bd6 Qe3+ 36. Qf3 Qxf3+ 37. Rxf3 b6 38. Ba2 b5 39. Be6 Nd4
40. Rd3 Kg7 41. Kg4 Nc6 42. Re3 h6 43. Bd5 Nd4 44. Re4 h5+ 45. Kxh5 Nxf5 46.
Rg4+ Kh8 47. Rf4 Nxd6 48. Rxf6 Ne8 49. Rh6+ Kg7 50. Rg6+ Kf8 51. Bc6 Rc8 52.
Kxh4 Kf7 53. Kg5 1/2-1/2

[Event "Int. Stuttgarter Stadtmeisterschaft B"]
[Site "Ditzingen"]
[Date "2016.05.05"]
[Round "1.10"]
[White "Kappus, Holger"]
[Black "Ellinger, Harald"]
[Result "1/2-1/2"]
[WhiteElo "1652"]
[BlackElo "1854"]
[PlyCount "114"]
[EventDate "2016.??.??"]
[WhiteTeam "SC Pforzheim"]
[BlackTeam "SK Gerlingen"]

1. b3 Nf6 2. Bb2 e6 3. Nf3 d5 4. e3 Be7 5. c4 O-O 6. Be2 c5 7. O-O Nc6 8. d4
cxd4 9. Nxd4 Bd7 10. Nd2 a6 11. Re1 Rc8 12. Rf1 Nxd4 13. Bxd4 Bc6 14. Nf3 Nd7
15. Rc1 Bf6 16. Bxf6 Nxf6 17. Ne5 Qb6 18. c5 Qd8 19. Qd4 Nd7 20. f4 f6 21. Nd3
Bb5 22. b4 Bc4 23. Rc2 Nb8 24. Qb2 Nc6 25. Rf3 Qe7 26. Rg3 e5 27. fxe5 fxe5 28.
a4 Bxd3 29. Bxd3 e4 30. Bf1 Qf7 31. Rc1 Nxb4 32. h3 Nc6 33. Rg4 Qe7 34. Rb1 Rf7
35. Rc1 Ne5 36. Rg3 Rcf8 37. Qe2 Nd3 38. Rb1 Nxc5 39. a5 Nd3 40. Qh5 Ne5 41.
Rg5 g6 42. Qh4 Rf5 43. Rg4 Qxh4 44. Rxh4 R8f7 45. Be2 Nc6 46. g4 Rf2 47. Re1
Nxa5 48. g5 Rf8 49. Bg4 Rd2 50. Rc1 Nc6 51. Rc5 Nd8 52. Rc7 b5 53. Rhxh7 Rf7
54. Rhxf7 Nxf7 55. Be6 Rd3 56. Rxf7 b4 57. Rb7+ Kf8 1/2-1/2

[Event "Int. Stuttgarter Stadtmeisterschaft B"]
[Site "Ditzingen"]
[Date "2016.05.05"]
[Round "1.11"]
[White "Handel, Oliver"]
[Black "Herbst, Rudolf"]
[Result "1-0"]
[WhiteElo "1854"]
[BlackElo "1648"]
[PlyCount "41"]
[EventDate "2016.??.??"]
[WhiteTeam "SF Kornwestheim"]
[BlackTeam "SG Fasanenhof"]

1. e4 c6 2. d4 d5 3. Nc3 dxe4 4. Nxe4 Bf5 5. Ng3 Bg6 6. Nf3 Nd7 7. h4 h6 8. h5
Bh7 9. Bd3 Bxd3 10. Qxd3 Qc7 11. Be3 e6 12. O-O-O O-O-O 13. Qb3 Qb6 14. Qa4 Kb8
15. d5 Bc5 16. Bxc5 Nxc5 17. Qf4+ Qc7 18. d6 Qa5 19. Kb1 Qb5 20. Qxf7 Qb6 21.
Qxg7 1-0

[Event "Int. Stuttgarter Stadtmeisterschaft B"]
[Site "Ditzingen"]
[Date "2016.05.05"]
[Round "1.12"]
[White "Kobald, Jacqueline"]
[Black "Fais, Sami"]
[Result "1/2-1/2"]
[WhiteElo "1559"]
[BlackElo "1827"]
[PlyCount "38"]
[EventDate "2016.??.??"]
[WhiteTeam "SV Stuttgart-Wolfbusch"]
[BlackTeam "VfL Sindelfingen"]

1. e4 c5 2. Nf3 d6 3. d4 cxd4 4. Nxd4 Nf6 5. Nc3 a6 6. Be2 e5 7. Nb3 b5 8. Be3
Bb7 9. Qd2 Nxe4 10. Nxe4 Bxe4 11. f3 Bg6 12. O-O Be7 13. c4 bxc4 14. Bxc4 Nd7
15. Rfd1 Nb6 16. Na5 O-O 17. Bb3 Rc8 18. Rac1 Nd7 19. Nb7 Rxc1 1/2-1/2

[Event "Int. Stuttgarter Stadtmeisterschaft B"]
[Site "Ditzingen"]
[Date "2016.05.05"]
[Round "1.13"]
[White "Shahisavandi, Abdollah"]
[Black "Ziegler, Michael"]
[Result "1-0"]
[WhiteElo "1848"]
[BlackElo "1648"]
[PlyCount "59"]
[EventDate "2016.??.??"]
[WhiteTeam "Karlsruher SF"]
[BlackTeam "SF Kornwestheim"]

1. Nf3 Nf6 2. c4 Nc6 3. Nc3 d5 4. cxd5 Nxd5 5. e4 Nxc3 6. bxc3 e5 7. Bc4 Bc5 8.
O-O O-O 9. a4 Kh8 10. d4 exd4 11. Ng5 Ne5 12. Qh5 h6 13. Nxf7+ Nxf7 14. Qxc5
dxc3 15. Ba3 Nd6 16. Bd5 Re8 17. f3 Be6 18. Bxe6 Rxe6 19. Qxc3 b6 20. Rfd1 Qc8
21. Rac1 c5 22. Bb2 Qf8 23. Rd5 Rae8 24. Rcd1 Nf7 25. Rf5 Kh7 26. Rd7 R6e7 27.
Rxe7 Rxe7 28. Rd5 Ng5 29. Qd3 g6 30. Rd8 1-0

[Event "Int. Stuttgarter Stadtmeisterschaft B"]
[Site "Ditzingen"]
[Date "2016.05.05"]
[Round "1.14"]
[White "Vuckovic, Nebojsa"]
[Black "Tönjes, Jürgen"]
[Result "0-1"]
[WhiteElo "1626"]
[BlackElo "1838"]
[PlyCount "102"]
[EventDate "2016.??.??"]
[WhiteTeam "SV Reutlingen"]
[BlackTeam "SF Lilienthal"]

1. c3 e5 2. Qc2 d5 3. d3 Nf6 4. e4 c6 5. Be2 Bc5 6. Nf3 Qe7 7. h3 h6 8. O-O O-O
9. Nbd2 Nbd7 10. Re1 Re8 11. b4 Bd6 12. Nb3 b6 13. Nh4 Nf8 14. Nf3 Ng6 15. Nbd2
Nf4 16. Bf1 Bd7 17. Nb3 g5 18. Bxf4 gxf4 19. Kh2 dxe4 20. dxe4 Be6 21. Nbd2 Nd7
22. Qa4 b5 23. Qc2 Nb6 24. a3 Rac8 25. Rac1 a6 26. Qb1 c5 27. Qa1 c4 28. Be2
Kh7 29. Ng1 Rg8 30. Bf3 Rcd8 31. Qb2 Bc7 32. Ne2 Qh4 33. Rf1 Rd3 34. Rc2 Rgd8
35. Qc1 Na4 36. Ng1 Nxc3 37. Nb1 Nxb1 38. Qxb1 Rxa3 39. Be2 Bb6 40. Nf3 Qf6 41.
Qb2 Rb3 42. Qa1 Bd4 43. Qxa6 Rxb4 44. Qa5 Qe7 45. Rd1 Rd7 46. Nxd4 exd4 47. Bf3
Qc5 48. Rcd2 Ra4 49. Qxa4 bxa4 50. Ra2 a3 51. e5 c3 0-1

[Event "Int. Stuttgarter Stadtmeisterschaft B"]
[Site "Ditzingen"]
[Date "2016.05.05"]
[Round "1.15"]
[White "Jantos, Stefan"]
[Black "Schmedemann, Jörg"]
[Result "1-0"]
[WhiteElo "1831"]
[BlackElo "1633"]
[PlyCount "75"]
[EventDate "2016.??.??"]
[WhiteTeam "SF Oeffingen"]
[BlackTeam "SSV Zuffenhausen"]

1. e4 e6 2. d4 d5 3. Nc3 Ne7 4. Nf3 Ng6 5. h4 Be7 6. h5 Nh4 7. Nxh4 Bxh4 8. Qg4
Bxf2+ 9. Kxf2 Qf6+ 10. Ke3 O-O 11. e5 Qe7 12. h6 g6 13. Qh4 Qxh4 14. Rxh4 a6
15. Nd1 Nc6 16. c3 Ne7 17. Bd3 Bd7 18. Ke2 Nf5 19. Rh3 f6 20. g4 Ne7 21. exf6
Rxf6 22. Bg5 Rf7 23. Bxe7 Rxe7 24. Ne3 c6 25. Kd2 e5 26. dxe5 Rxe5 27. Rg3 Rae8
28. Re1 Rf8 29. Rf1 Rfe8 30. g5 Rf8 31. Ng4 Bxg4 32. Rxf8+ Kxf8 33. Rxg4 Ke7
34. b3 c5 35. c4 Kd6 36. cxd5 Rxd5 37. Kc3 b5 38. Bxg6 1-0

[Event "Int. Stuttgarter Stadtmeisterschaft B"]
[Site "Ditzingen"]
[Date "2016.05.05"]
[Round "1.16"]
[White "Krivoborodov, Vasily"]
[Black "Rühl, Volker"]
[Result "0-1"]
[WhiteElo "1629"]
[BlackElo "1830"]
[PlyCount "136"]
[EventDate "2016.??.??"]
[BlackTeam "VfL Sindelfingen"]

1. e4 Nf6 2. e5 Nd5 3. d4 d6 4. Nf3 Bg4 5. Be2 e6 6. O-O Be7 7. Bd2 Nc6 8. Bb5
O-O 9. Bxc6 bxc6 10. h3 Bh5 11. g4 Bg6 12. c4 Nb6 13. b3 Nd7 14. Bf4 a5 15. Nc3
Ra6 16. Re1 Qa8 17. Bg5 Bxg5 18. Nxg5 Rd8 19. Nf3 Nb6 20. Qe2 c5 21. dxc5 dxc5
22. Rad1 Rb8 23. Nh4 a4 24. Nxg6 hxg6 25. Rb1 axb3 26. axb3 Qc6 27. Qe4 Qe8 28.
Nb5 Na8 29. Red1 Qc6 30. Qxc6 Rxc6 31. Rd7 Nb6 32. Rdd1 Na8 33. Ra1 Rcb6 34.
Ra7 c6 35. Nc7 Nxc7 36. Rxc7 Rxb3 37. Rxc6 Rxh3 38. Rxc5 Rc3 39. Rc7 Rb4 40.
Rd8+ Kh7 41. Rxf7 Rbxc4 42. f3 Rc7 43. Rff8 g5 44. Kg2 Re3 45. Rd6 Re7 46. Rdd8
Rxe5 47. Rde8 Rxe8 48. Rxe8 Kg6 49. Rf8 Kh7 50. Re8 g6 51. Kf2 Kg7 52. Re7+ Kf6
53. Rd7 Rd5 54. Rc7 Rd6 55. Ke3 Ra6 56. Rc4 Ke5 57. Rc5+ Kf6 58. Rc4 Ra5 59.
Kf2 Ke5 60. Kg3 Kd5 61. Rc8 Ra6 62. Rd8+ Rd6 63. Ra8 Kd4 64. Ra4+ Ke3 65. Ra3+
Rd3 66. Ra6 e5 67. Rxg6 Ke2 68. Rxg5 Rxf3+ 0-1

[Event "Int. Stuttgarter Stadtmeisterschaft B"]
[Site "Ditzingen"]
[Date "2016.05.05"]
[Round "1.17"]
[White "Behm, Wilfried"]
[Black "Steinmassl, Guido"]
[Result "0-1"]
[WhiteElo "1828"]
[BlackElo "1622"]
[PlyCount "84"]
[EventDate "2016.??.??"]
[WhiteTeam "SV Stuttgart-Wolfbusch"]
[BlackTeam "SK Gerlingen"]

1. d4 e6 2. c4 Nf6 3. Nc3 Bb4 4. Nf3 O-O 5. e3 d5 6. a3 Bxc3+ 7. bxc3 c5 8. Bd3
Qc7 9. cxd5 exd5 10. O-O c4 11. Bb1 Re8 12. Ne5 Nbd7 13. f4 Ne4 14. Bb2 f5 15.
Bxe4 fxe4 16. g4 Nf8 17. f5 Rxe5 18. dxe5 Qxe5 19. a4 Nd7 20. Ba3 b6 21. Qd2
Bb7 22. Rf4 Rc8 23. Raf1 Qf6 24. Qg2 Qxc3 25. Bb2 Qxe3+ 26. Kh1 c3 27. Bc1 Qd4
28. g5 Rf8 29. f6 g6 30. Qg4 Ne5 31. Qe6+ Nf7 32. Qg4 Bc8 33. Qg3 Qe5 34. h4 d4
35. h5 Bf5 36. Qh4 d3 37. Rxf5 gxf5 38. g6 d2 39. gxf7+ Kxf7 40. Qg5 Rg8 41.
Qh6 Qxf6 42. Qxh7+ Rg7 0-1

[Event "Int. Stuttgarter Stadtmeisterschaft B"]
[Site "Ditzingen"]
[Date "2016.05.05"]
[Round "1.18"]
[White "Awiszus, Thomas"]
[Black "Funk, Patrick"]
[Result "0-1"]
[WhiteElo "1611"]
[BlackElo "1793"]
[PlyCount "60"]
[EventDate "2016.??.??"]
[WhiteTeam "SK Schmiden/Cannstatt"]
[BlackTeam "Mönchfelder SV"]

1. d4 d5 2. Nf3 Nf6 3. g3 Bf5 4. Bg2 e6 5. O-O Bd6 6. c4 c6 7. c5 Bc7 8. Nc3 h6
9. b4 Nbd7 10. b5 Ba5 11. Bb2 Bxc3 12. Bxc3 cxb5 13. Qb3 O-O 14. a4 b4 15. Bxb4
Re8 16. Bc3 Qc7 17. Qb2 b6 18. cxb6 Nxb6 19. Ne5 Nc4 20. Nxc4 Qxc4 21. Rfc1
Rab8 22. Qd2 Ne4 23. Qe1 Rb3 24. Bb2 Qa6 25. Ra2 Reb8 26. Ba1 Nd6 27. Bf1 Nc4
28. h4 Rb1 29. f3 Rxc1 30. Qxc1 Rb1 0-1

[Event "Int. Stuttgarter Stadtmeisterschaft B"]
[Site "Ditzingen"]
[Date "2016.05.05"]
[Round "1.19"]
[White "Häfele, Torsten"]
[Black "Dendic, Amar"]
[Result "1/2-1/2"]
[WhiteElo "1825"]
[BlackElo "1604"]
[PlyCount "57"]
[EventDate "2016.??.??"]
[WhiteTeam "SF Illingen"]
[BlackTeam "Stuttgarter SF"]

1. e4 e5 2. Bc4 Nf6 3. d3 Nc6 4. Bb3 Bc5 5. c3 O-O 6. Nf3 Re8 7. O-O d5 8. Qe2
dxe4 9. dxe4 h6 10. Nbd2 Bg4 11. Bxf7+ Kxf7 12. Qc4+ Re6 13. Qxc5 Bxf3 14. Nxf3
Nxe4 15. Qc4 Nd6 16. Qd5 Qf6 17. Be3 Rd8 18. Qb3 b6 19. Rad1 Na5 20. Qd5 c6 21.
Qd2 Qg6 22. b3 Nab7 23. Qe2 Qf6 24. Rfe1 a5 25. Bc1 e4 26. Nd2 Qxc3 27. Nf1 Qe5
28. Bb2 Qg5 29. Ne3 1/2-1/2

[Event "Int. Stuttgarter Stadtmeisterschaft B"]
[Site "Ditzingen"]
[Date "2016.05.05"]
[Round "1.20"]
[White "Dallinger, Moritz"]
[Black "Zimmermann, Tobias"]
[Result "0-1"]
[WhiteElo "1570"]
[BlackElo "1820"]
[PlyCount "66"]
[EventDate "2016.??.??"]
[WhiteTeam "SV Stuttgart-Wolfbusch"]
[BlackTeam "SC Botnang"]

1. e4 c5 2. Nf3 d6 3. d4 cxd4 4. Qxd4 Nc6 5. Bb5 a6 6. Bxc6+ bxc6 7. Nc3 e5 8.
Qd3 Be7 9. Be3 Nf6 10. Bg5 O-O 11. O-O-O Ne8 12. Bxe7 Qxe7 13. Na4 Rb8 14. Kb1
Rb5 15. Nd2 Be6 16. Nc4 Bxc4 17. Qxc4 Qb7 18. b3 Rb4 19. Nc5 dxc5 20. Qxc5 Rxe4
21. Rhe1 Rxe1 22. Rxe1 Nf6 23. Rxe5 Nd7 24. Qc3 Nxe5 25. Qxe5 Qb5 26. Qg3 Re8
27. a4 Qe5 28. Qf3 Qd4 29. Ka2 Re1 30. c3 Qd2+ 31. Ka3 a5 32. b4 Ra1+ 33. Kb3
Qa2# 0-1

[Event "Int. Stuttgarter Stadtmeisterschaft B"]
[Site "Ditzingen"]
[Date "2016.05.05"]
[Round "1.21"]
[White "Schneider, Waldemar"]
[Black "Limley, Gerhard"]
[Result "1/2-1/2"]
[WhiteElo "1818"]
[BlackElo "1606"]
[PlyCount "60"]
[EventDate "2016.??.??"]
[WhiteTeam "SC Pforzheim"]
[BlackTeam "SV Dicker Turm Esslingen"]

1. d4 Nf6 2. c4 e6 3. Nf3 d5 4. e3 Be7 5. Nc3 Bd7 6. Bd3 c6 7. O-O Na6 8. a3
Nc7 9. Bd2 O-O 10. e4 dxe4 11. Nxe4 Nxe4 12. Bxe4 f5 13. Bc2 Bf6 14. Bc3 Re8
15. Rc1 b5 16. Qd3 bxc4 17. Qxc4 Nd5 18. Rb1 Nb6 19. Qd3 Nd5 20. b4 Rc8 21. Bb2
a5 22. Bb3 axb4 23. axb4 Nxb4 24. Qxf5 Nd5 25. Qh5 Qe7 26. Bc2 g6 27. Qh6 Qg7
28. Qd2 c5 29. Ne5 cxd4 30. Nxd7 Qxd7 1/2-1/2

[Event "Int. Stuttgarter Stadtmeisterschaft B"]
[Site "Ditzingen"]
[Date "2016.05.05"]
[Round "1.22"]
[White "Old, Stefan"]
[Black "Engelhardt, Frank"]
[Result "0-1"]
[WhiteElo "1605"]
[BlackElo "1807"]
[PlyCount "58"]
[EventDate "2016.??.??"]
[WhiteTeam "SF Illingen"]
[BlackTeam "SC Botnang"]

1. d4 Nf6 2. c4 g6 3. Nc3 Bg7 4. e4 d6 5. Nf3 O-O 6. Bd3 Nbd7 7. O-O e5 8. d5
Nc5 9. b4 Nxd3 10. Qxd3 Nh5 11. c5 Bd7 12. Be3 a6 13. Rac1 f5 14. Bg5 Qe8 15.
cxd6 cxd6 16. exf5 gxf5 17. Qd2 Rc8 18. Bh6 Qg6 19. Bxg7 Qxg7 20. Qg5 Nf4 21.
Rfd1 Rxc3 22. Qxg7+ Kxg7 23. Kf1 Bb5+ 24. Ke1 Rfc8 25. Rxc3 Rxc3 26. Ng5 Nxg2+
27. Kd2 Rd3+ 28. Kc2 Rxd1 29. Kxd1 Nf4 0-1

[Event "Int. Stuttgarter Stadtmeisterschaft B"]
[Site "Ditzingen"]
[Date "2016.05.05"]
[Round "1.23"]
[White "Grünert, Thomas"]
[Black "Herbst, Karin"]
[Result "1-0"]
[WhiteElo "1807"]
[BlackElo "1601"]
[PlyCount "103"]
[EventDate "2016.??.??"]
[WhiteTeam "SF Illingen"]
[BlackTeam "SG Fasanenhof"]

1. d4 c6 2. Nf3 d5 3. e3 Bg4 4. c4 e6 5. Nc3 Nf6 6. Bd2 Be7 7. Bd3 Nbd7 8. h3
Bh5 9. g4 Bg6 10. Qc2 Bxd3 11. Qxd3 dxc4 12. Qxc4 Nb6 13. Qd3 Nfd5 14. a3 Qc7
15. Ne5 Bh4 16. Ne4 f5 17. Nc5 Qe7 18. gxf5 O-O-O 19. Nxe6 Rde8 20. e4 Nc7 21.
Bb4 Qf6 22. Rc1 Nxe6 23. Nxc6 Nc7 24. Nxa7+ Kb8 25. Rxc7 Kxa7 26. O-O Rc8 27.
Rfc1 Rxc7 28. Rxc7 Rc8 29. Rxc8 Nxc8 30. Bd2 Qb6 31. b4 Ne7 32. b5 Ka8 33. Qc4
Qd6 34. Qa4+ Kb8 35. Be3 Nc8 36. Qb3 h6 37. e5 Qd7 38. Qd3 Ne7 39. e6 Qd5 40.
Bf4+ Ka8 41. Be5 Bf6 42. f4 Bxe5 43. fxe5 Ng8 44. Qc3 Kb8 45. Qb4 Qd8 46. b6
Ne7 47. Qd6+ Kc8 48. Qc5+ Kb8 49. f6 gxf6 50. exf6 Nc6 51. f7 Ne7 52. Qc7+ 1-0

[Event "Int. Stuttgarter Stadtmeisterschaft B"]
[Site "Ditzingen"]
[Date "2016.05.05"]
[Round "1.24"]
[White "Forster, Lukas"]
[Black "Lehmann, Joachim"]
[Result "1/2-1/2"]
[WhiteElo "1600"]
[BlackElo "1806"]
[PlyCount "78"]
[EventDate "2016.??.??"]
[WhiteTeam "Stuttgarter SF"]
[BlackTeam "Ilmenauer SV"]

1. e4 d5 2. exd5 Qxd5 3. Nc3 Qa5 4. d4 c6 5. Bd2 Nf6 6. Ne4 Qb6 7. Nxf6+ exf6
8. Bc3 Be6 9. Bd3 Be7 10. Ne2 Bd6 11. Ng3 Nd7 12. Nf5 Bf8 13. O-O g6 14. Ng3
Bg7 15. Ne4 O-O 16. a4 a5 17. Nd6 Qc7 18. Nc4 b6 19. f4 c5 20. f5 Bd5 21. Ne3
Bb7 22. d5 Ne5 23. Be4 Rad8 24. b3 Rfe8 25. Bf3 Nxf3+ 26. Qxf3 c4 27. Bd4 cxb3
28. cxb3 Qd6 29. Rad1 Ba6 30. Nc4 Qb4 31. Rf2 Bxc4 32. bxc4 Qxc4 33. Bxb6 Rd7
34. Bxa5 Qxa4 35. Bc3 Bf8 36. Rfd2 Bd6 37. fxg6 Be5 38. gxh7+ Kxh7 39. Qh5+ Kg7
1/2-1/2